• 首页
  • 本馆介绍
  • 公告通知
  • 最新文献
  • 馆藏检索
  • 电子资源
  • 读者导购
  • 参考咨询
  • 我的图书馆
  • 登录
  • 详细信息显示
  • 放入我的书架
  • 预约/预借图书
  • 作者相关作品
  • 分类相关作品
  • 丛书相关作品
  • 出版社相关作品

书目信息

  • 表格格式
  • 工作单格式
  • 卡片格式
题名:
高校武术运动传承与发展研究
    
 
作者: 吴雪琴 , 武兴东 , 李万友 著
分册:  
出版信息: 北京   北京工业大学出版社  2021.1
页数: 164页
开本: 26cm
丛书名:
单 册:
中图分类: G852.02
科图分类:
主题词: 武术--体育教学--教学研究--高等学校
电子资源:
ISBN: 978-7-5639-7097-1
000 01032nam0 2200253 450
001 012001000788
005 20141202081847.0
010    @a978-7-5639-7097-1@dCNY56.00
100    @a20220905d2019 em y0chiy50 ea
101 0  @achi
102    @aCN@b110000
105    @ay z 000yy
106    @ar
200 1  @a高校武术运动传承与发展研究@Agao xiao wu shu yun dong chuan cheng yu fa zhan yan jiu@f吴雪琴,武兴东,李万友著
210    @a北京@c北京工业大学出版社@d2021.1
215    @a164页@d26cm
330    @a本书共八章,内容包括:绪论、武术的文化意蕴与发展源流、传统武术与其他学科发展研究、传统武术教学课程体系的建设与发展、传统武术训练与竞赛体系的建设与发展、传统武术文化传承与发展的理论探索、传统武术运动在高校中的传承与发展、传统武术传承与发展体系的多元构建。
606 0  @a武术@x体育教学@x教学研究@x高等学校
690    @aG852.02@v5
701  0 @a吴雪琴@Awu xue qin@4著
701  0 @a武兴东@Awu xing dong@4著
701  0 @a李万友@Ali wan you@f(1976~)@4著
801  0 @aCN@bAHXH@c20221111
905    @b1369976-80@dG852.02@e569@f5
    
    高校武术运动传承与发展研究/吴雪琴,武兴东,李万友著.-北京:北京工业大学出版社,2021.1
    164页;26cm
    
    
    ISBN 978-7-5639-7097-1:CNY56.00
    本书共八章,内容包括:绪论、武术的文化意蕴与发展源流、传统武术与其他学科发展研究、传统武术教学课程体系的建设与发展、传统武术训练与竞赛体系的建设与发展、传统武术文化传承与发展的理论探索、传统武术运动在高校中的传承与发展、传统武术传承与发展体系的多元构建。
●
相关链接 在E读中查询图书 在五车中查询图书 在当当中查询图书 在豆瓣中查询图书


正题名:高校武术运动传承与发展研究     索取号:G852.02/569         预约/预借

序号 登录号 条形码 馆藏地/架位号 状态 备注
1 1369976   213699764   第一样本阅览室/ [索取号:G852.02/569] 在馆    
2 1369977   213699773   教育系资料室/ [索取号:G852.02/569] 在馆    
3 1369978   213699782   教育系资料室/ [索取号:G852.02/569] 在馆    
4 1369979   213699791   第四借阅区/ [索取号:G852.02/569] 在馆    
5 1369980   213699808   第四借阅区/ [索取号:G852.02/569] 在馆    
唐山师范学院图书馆 欢迎您!
大连网信软件有限公司© 版权所有